| Tag |
First Indicator |
Second Indicator |
Subfields |
| LEADER |
00000cam a22000001a 4500 |
| 001 |
in00003366713 |
| 006 |
m d f |
| 007 |
cr bn mmmapmmp |
| 008 |
100614s1984 dcu o f000 0 eng d |
| 005 |
20260430161614.2 |
| 035 |
|
|
|a cis2007879129
|
| 040 |
|
|
|a ProQuest
|c ProQuest
|d UtOrBLW
|
| 043 |
|
|
|a n-us---
|
| 099 |
|
|
|a CRS-1984-AML-0001
|
| 110 |
2 |
|
|a Library of Congress.
|b Congressional Research Service.
|
| 245 |
1 |
0 |
|a Fairness Doctrine and the Equal Opportunities Doctrine in Political Broadcasting.
|
| 264 |
|
1 |
|a [Place of publication not identified] :
|b [publisher not identified],
|c 1984.
|
| 300 |
|
|
|a 1 online resource.
|
| 336 |
|
|
|a text
|b txt
|2 rdacontent
|
| 337 |
|
|
|a computer
|b c
|2 rdamedia
|
| 338 |
|
|
|a online resource
|b cr
|2 rdacarrier
|
| 500 |
|
|
|a Record is based on bibliographic data in ProQuest U.S. Congressional Research Digital Collection (last viewed June 2010). Reuse except for individual research requires license from ProQuest, LLC.
|
| 500 |
|
|
|a CRS Report.
|
| 520 |
|
|
|a Discusses the case for repeal of the Fairness, equal broadcast opportunities, and reasonable access doctrines under the Communications Act of 1934 as amended, regarding political programming. Cites First Amendment arguments, and examines legislation in the 98th Congress.
|
| 500 |
|
|
|a Electronic resource.
|
| 650 |
|
0 |
|a Fairness doctrine (Broadcasting)
|
| 650 |
|
0 |
|a Freedom of speech.
|
| 650 |
|
0 |
|a Freedom of the press.
|
| 655 |
|
7 |
|a Electronic books.
|2 local
|
| 710 |
2 |
|
|a ProQuest (Firm)
|
| 776 |
0 |
8 |
|i Microfiche version:
|a Library of Congress. Congressional Research Service.
|t Fairness Doctrine and the Equal Opportunities Doctrine in Political Broadcasting
|
| 830 |
|
0 |
|a U.S. Congressional Research.
|
| 856 |
4 |
0 |
|u http://proxy.library.tamu.edu/login?url=https://congressional.proquest.com/congcomp/getdoc?CRDC-ID=CRS-1984-AML-0001
|z Connect to the full text of this electronic book
|t 0
|
| 999 |
|
|
|a MARS
|
| 999 |
f |
f |
|s fbaf6ecb-a6ba-3abd-b5a5-30e8b6ce410d
|i 89ea5528-e4c6-3dad-95dc-29f90d549b0d
|t 0
|
| 952 |
f |
f |
|a Texas A&M University
|b College Station
|c Electronic Resources
|s www_evans
|d Available Online
|t 0
|e CRS-1984-AML-0001
|h Other scheme
|
| 998 |
f |
f |
|a CRS-1984-AML-0001
|t 0
|l Available Online
|